000 00740nam a2200253Ia 4500
003 OSt
005 20220912150831.0
006 a|||||r|||| 00| 0
007 ta
008 220909b |||||||| |||| 00| 0 eng d
024 _a23622
037 _cTextual
040 _aCSL
_beng
_cCSL
041 _aeng
082 _aU25.7928, L7
100 _aHardie L A Ed.
245 0 _aSedmentation on the modern carbonate tidal flats on north west andios Island bahamas
260 _aBahamas
_bBaltimore
_c1977
300 _axii, 202p.
_ccm.
490 _aJohn Hopking University Studies in Geology; 22
500 _aBibliography 190-96p
942 _hU25.7928, L7
_cTEXL
_2CC
999 _c55806
_d55806